| 000 | 01019nam0a22002891 4500 | ||
|---|---|---|---|
| 001 | RU\INFOCOMM_322\NLR\5000242589 | ||
| 005 | 20250613112605.0 | ||
| 035 | _a(NLR Aleph) 009613956 | ||
| 090 |
_a9389856 _c9389856 |
||
| 100 | _a20130318d1988 |||y0rusy50 ca | ||
| 101 | 0 | _aeng | |
| 102 | _aRU | ||
| 105 | _ay z ||||| | ||
| 200 | 1 |
_aThe world of hobbies _f[Евгений Владимирович Павелко] |
|
| 210 |
_a[M.] _c"Novosti" press agency publ. house _dCop.1988 |
||
| 215 |
_a[57] с. _cил., цв. ил., портр. _d22 см |
||
| 300 | _aВ вып. дан.: Мир увлечений | ||
| 300 | _aАвт. указан в вып. дан. | ||
| 620 | _aМосква | ||
| 686 |
_aЧ711,6(2)31 _2rubbk |
||
| 700 | 1 |
_9z01790 _aPavelko _bE. V. _gEvgenij Vladimirovič |
|
| 790 | 1 |
_9z01700 _aПавелко _bЕ. В. _gЕвгений Владимирович _4070 |
|
| 801 | 1 |
_aRU _bInfocomm _c20130318 |
|
| 801 | 0 |
_aRU _bINFOCOMM _gPSBO |
|
| 852 |
_aNLR _jПр81 Д-6/8 |
||
| 942 | _cBOOK | ||
| 980 | _aNB | ||